Návrh a simulácie vlnovodov na báze Si
Guardado en:
| Autor principal: | |
|---|---|
| Otros Autores: | |
| Formato: | Manuscrito Libro |
| Lenguaje: | eslovaco |
| Publicado: |
Bratislava :
STU v Bratislave FEI,
2025
|
| Materias: | |
| Acceso en línea: | https://opac.crzp.sk/?fn=detailBiblioFormChildAEE25A&sid=BA75C2D62745AD572EEC979ED92F&seo=CRZP-detail-kniha |
| Etiquetas: |
Sin Etiquetas, Sea el primero en etiquetar este registro!
|
MARC
| LEADER | 00000ntm a22000003a 4500 | ||
|---|---|---|---|
| 001 | stuzp103454 | ||
| 003 | SK-STU | ||
| 005 | 20260128141006.6 | ||
| 007 | ta | ||
| 008 | 150427s2015----xo-----f-mn---000-0-slo-d | ||
| 040 | |a STU |b slo | ||
| 041 | 0 | |a slo | |
| 044 | |a xo | ||
| 100 | 1 | |a Peťovský, Šimon |u 033000 |4 aut |U FEI Fakulta elektrotechniky a informatiky |T FEI Ústav elektroniky a fotoniky |X 120729 |U E030 |Y 549 |7 120729 | |
| 242 | 0 | 1 | |a Design and simulation of Si waveguides |y eng |
| 245 | 1 | 0 | |a Návrh a simulácie vlnovodov na báze Si |
| 260 | |a Bratislava : |b STU v Bratislave FEI, |c 2025 | ||
| 300 | |a 67 s. | ||
| 650 | 4 | |a limitný polomer |2 slo | |
| 650 | 4 | |a Integrovaná fotonika |2 slo | |
| 650 | 4 | |a Silica-on-Silicon |2 slo | |
| 650 | 4 | |a ohybové straty |2 slo | |
| 650 | 4 | |a Beam Propagation Method |2 slo | |
| 650 | 4 | |a Silicon-on-Insulator |2 slo | |
| 650 | 4 | |a Integrated photonics |2 eng | |
| 650 | 4 | |a Silica-on-Silicon |2 eng | |
| 650 | 4 | |a limit bend radius |2 eng | |
| 650 | 4 | |a Silicon-on-Insulator |2 eng | |
| 650 | 4 | |a bend loss |2 eng | |
| 650 | 4 | |a Beam Propagation Method |2 eng | |
| 700 | 1 | |a Kuzma, Anton |u 033000 |k Z1 |4 ths |U FEI Fakulta elektrotechniky a informatiky |T FEI Ústav elektroniky a fotoniky |X 36020 |U E030 |Y 549 |7 A000036020 | |
| 856 | 4 | |u https://opac.crzp.sk/?fn=detailBiblioFormChildAEE25A&sid=BA75C2D62745AD572EEC979ED92F&seo=CRZP-detail-kniha | |